| 000 | 00451nam a2200157 i 4500 | ||
|---|---|---|---|
| 001 | 64268 | ||
| 003 | ES-MaACL | ||
| 005 | 20230906165103.0 | ||
| 007 | t| | ||
| 008 | 031223s1962 sp ||||1| spa d | ||
| 100 | 1 |
_aFlórez Tascón, Francisco José. _951322 |
|
| 245 | 1 | 0 |
_aParatiroides / _cpor Francisco José Flórez Tascón. |
| 260 |
_aMadrid : _bParaninfo, _c[1962] |
||
| 300 |
_a124 p. : _bil. ; _c22 cm. |
||
| 852 |
_aES-MaACL _jC-23852 _bR.51403 |
||
| 999 |
_c64268 _d64268 |
||